[Event "Match"]
[Site "www.echecsemail.com"]
[Date "2015.11.23"]
[Round "1"]
[White "Klaraaxel"]
[Black "Julianlore"]
[WhiteElo "1499"]
[BlackElo "2630"]
[Result "0-1"]
[Round "1"]
1.e3 e5
2.d4 exd4
3.exd4 d5
4.Bf1e2 Ng8f6
5.Ng1f3 Bf8d6
6.c4 dxc4
7.O-O O-O
8.Be2xc4 Nb8c6
9.Rf1e1 Bc8f5
10.Nb1c3 h6
 { time }
0-1

[Event "Match"]
[Site "www.echecsemail.com"]
[Date "2015.11.23"]
[Round "1"]
[White "Jhw"]
[Black "Whitekknight"]
[WhiteElo "1950"]
[BlackElo "1940"]
[Result "1-0"]
[Round "1"]
1.c4 c6
2.b4 e6
3.Qd1b3 Ng8f6
4.Nb1c3 Bf8e7
5.g3 d5
6.e3 O-O
7.Bf1e2 b6
8.d3 dxc4
9.dxc4 Bc8b7
10.e4 Nb8d7
11.f3 h6
12.a4 a6
13.a5 b5
14.c5 Nd7e5
15.Bc1f4 Ne5g6
16.e5 Nf6d7
17.h4 Ng6xf4
18.gxf4 Be7xh4
19.Kf1 Bh4g3
20.Qb3c2 Bg3xf4
21.Nc3e4 Bf4xe5
22.Ra1d1 Qd8e7
23.Rh1h5 Be5c7
24.Ng1h3 f5
25.Ne4g5 hxg5
26.Nh3xg5 Nd7f6
27.Rh5h4 Bc7g3
28.Rh4h3 Bg3f4
29.Ng5xe6 Qe7xe6
30.Rd1d6 Qe6e3
31.Qc2xf5 Bf4h6
32.f4 Qe3xh3
33.Qf5xh3 { resign }
1-0

[Event "Match"]
[Site "www.echecsemail.com"]
[Date "2015.11.23"]
[Round "1"]
[White "Daquata"]
[Black "Gilliere"]
[WhiteElo "1660"]
[BlackElo "1770"]
[Result "0-1"]
[Round "1"]
1.e4 e5
2.Ng1f3 d6
3.d4 exd4
4.Nf3xd4 h6
5.Nb1c3 Ng8f6
6.Bf1e2 Nb8d7
7.O-O Bf8e7
8.Bc1f4 a6
9.Nd4f5 O-O
10.Rf1e1 Nd7c5
11.Nf5xe7 Qd8xe7
12.Be2f3 Qe7d8
13.Qd1d4 Bc8g4
14.Bf3xg4 Nf6xg4
15.h3 Nc5e6
16.Qd4d2 Ne6xf4
17.Qd2xf4 Ng4f6
18.Ra1d1 Rf8e8
19.e5 Nf6h5
20.Qf4f3 g5
21.Qf3xh5 Kg7
22.exd6 Re8xe1
23.Rd1xe1 Qd8xd6
24.Qh5f3 c6
25.Qf3e4 Ra8d8
26.Qe4e5 Qd6xe5
27.Re1xe5 Rd8d7
28.Nc3a4 Rd7d1
29.Kh2 Rd1d2
30.Re5e7 Rd2xf2
31.Re7xb7 Rf2xc2
32.Rb7b6 a5
33.Rb6a6 c5
34.Ra6xa5 c4
35.Ra5c5 Kg6
36.a3 h5
37.Rc5b5 f6
38.Rb5b4 h4
39.Na4c3 f5
40.a4 Rc2c1
41.Rb4xc4 Rc1a1
42.Rc4c5 Kf6
43.b4 Ke6
44.a5 Kf6
45.Rc5b5 Ke6
46.Rb5b6 Kd7
47.Rb6g6 Ra1c1
48.Nc3d5 Rc1c2
49.Rg6xg5 Ke6
50.Nd5b6 Kf6
51.Rg5h5 Rc2b2
52.Rh5xh4 Kg5
53.Rh4c4 f4
54.Rc4c5 Kg6
55.b5 f3
56.Kg1 Rb2xg2
57.Kh1 Rg2g3
58.Rc5c2 Rg3xh3
59.Kg1 Rh3g3
60.Kh2 Rg3g5
61.a6 Rg5xb5
62.a7 Rb5xb6
 { time }
0-1

[Event "1/32 Finale"]
[Site "www.chess-mail.com"]
[Date "2015.11.23"]
[Round "1"]
[White "Fjpv"]
[Black "Rocadamare"]
[WhiteElo "2640"]
[BlackElo "2640"]
[Result "1-0"]
[Round "1"]
1.e4 c5
2.c3 Ng8f6
3.e5 Nf6d5
4.d4 cxd4
5.Ng1f3 Nb8c6
6.Bf1c4 Nd5b6
7.Bc4b3 d5
8.cxd4 Bc8g4
9.Bc1e3 e6
10.h3 Bf8b4
11.Nb1c3 Bg4h5
12.O-O O-O
13.Ra1c1 Nb6c4
14.Qd1e2 Nc6a5
15.g4 Nc4xe3
16.Qe2xe3 Na5xb3
17.axb3 Bh5g6
18.Rc1a1 h6
19.Rf1c1 Bb4e7
20.Qe3e2 Qd8d7
21.Qe2b5 Qd7xb5
22.Nc3xb5 Bg6e4
23.Nf3e1 a6
24.Nb5d6 f6
25.Nd6xe4 dxe4
26.Ra1a4 fxe5
27.dxe5 Be7h4
28.Ra4xe4 Bh4xf2
29.Kg2 Ra8d8
30.Re4e2 Bf2xe1
31.Rc1xe1 Rf8f4
32.Re1c1 Rf4b4
33.Rc1c3 Kh7
34.Rc3e3 Rd8d5
35.Re2c2 Rb4b5
36.Rc2e2 Kg6
37.Kf3  { time }
1-0

[Event "1/32 Finale"]
[Site "www.chess-mail.com"]
[Date "2015.11.23"]
[Round "1"]
[White "Senitram"]
[Black "Bevittsmith"]
[WhiteElo "2640"]
[BlackElo "2260"]
[Result "1-0"]
[Round "1"]
1.Ng1f3 d5
2.d4 Ng8f6
3.c4 g6
4.cxd5 Nf6xd5
5.e4 Nd5b6
6.h3 Bf8g7
7.Nb1c3 O-O
8.Bf1e2 a5
9.O-O a4
10.Bc1e3 a3
11.bxa3 Ra8xa3
12.Qd1c2 c6
13.Rf1d1 e6
14.Be3g5 Qd8c7
15.Nc3b5 { resign }
1-0

[Event "1/64 Finale"]
[Site "www.chess-mail.com"]
[Date "2015.11.23"]
[Round "1"]
[White "Goosebumps"]
[Black "Attatroll"]
[WhiteElo "2100"]
[BlackElo "1940"]
[Result "1/2-1/2"]
[Round "1"]
1.e4 e5
2.Ng1f3 Ng8f6
3.Nb1c3 Nb8c6
4.Bf1b5 Nc6d4
5.Nf3xe5 Nd4xb5
6.Nc3xb5 c6
7.Nb5c3 Qd8e7
8.d4 d6
9.Ne5f3 Nf6xe4
10.O-O Ne4xc3
11.bxc3 d5
12.Nf3d2 Bc8e6
13.f4 f5
14.Rf1e1 O-O-O
15.c4 Qe7d6
16.cxd5 Be6xd5
17.Nd2b3 { draw }
1/2-1/2

[Event "1/32 Finale"]
[Site "www.chess-mail.com"]
[Date "2015.11.23"]
[Round "1"]
[White "Szustan"]
[Black "Vitoriccardo"]
[WhiteElo "2720"]
[BlackElo "1880"]
[Result "1-0"]
[Round "1"]
1.e4 e5
2.Ng1f3 Nb8c6
3.Nb1c3 Bf8c5
4.Nf3xe5 Qd8f6
5.Ne5g4 Qf6d4
6.f3 d6
7.Nc3b5 { resign }
1-0

[Event "Eq:Clubul Central de Sah-Slap Shot Mates : "]
[Site "www.chess-mail.com"]
[Date "2015.11.23"]
[Round "1"]
[White "Calulalb"]
[Black "Echo314"]
[WhiteElo "2730"]
[BlackElo "2760"]
[Result "0-1"]
[Round "1"]
1.e4 c5
2.Ng1f3 d6
3.d4 cxd4
4.Nf3xd4 Ng8f6
5.Nb1c3 a6
6.Bc1e3 e5
7.Nd4b3 Bc8e6
8.f3 h5
9.Nc3d5 Be6xd5
10.exd5 Nb8d7
11.Qd1d2 g6
12.Nb3a5 Qd8c7
13.c4 Bf8g7
14.Bf1e2 e4
15.O-O exf3
16.gxf3 O-O
 { time }
0-1

[Event "Eq:Equipo Juan Diaz-Clubul Central de Sah : "]
[Site "www.chess-mail.com"]
[Date "2015.11.23"]
[Round "1"]
[White "Ecijaajedrez"]
[Black "Calulalb"]
[WhiteElo "2530"]
[BlackElo "2700"]
[Result "1-0"]
[Round "1"]
1.d4 Ng8f6
2.c4 g6
3.Nb1c3 d5
4.cxd5 Nf6xd5
5.e4 Nd5xc3
6.bxc3 Bf8g7
7.Bf1c4 c5
8.Ng1e2 Nb8c6
9.Bc1e3 O-O
10.O-O Nc6a5
11.Bc4d3 b6
12.Ra1c1  { time }
1-0

[Event "Eq:Equipo Juan Diaz-Clubul Central de Sah : "]
[Site "www.chess-mail.com"]
[Date "2015.11.23"]
[Round "1"]
[White "Rocadamare"]
[Black "Astigitana"]
[WhiteElo "2660"]
[BlackElo "2300"]
[Result "0-1"]
[Round "1"]
1.e4 c5
2.Ng1f3 d6
3.d4 cxd4
4.Nf3xd4 Ng8f6
5.Nb1c3 e6
6.Bc1e3 Nb8c6
7.f3 Bf8e7
8.Qd1d2 O-O
9.O-O-O d5
 { time }
0-1

[Event "Eq:Clubul Central de Sah-Slap Shot Mates : "]
[Site "www.chess-mail.com"]
[Date "2015.11.23"]
[Round "1"]
[White "Dorulristea"]
[Black "Echo314"]
[WhiteElo "2780"]
[BlackElo "2760"]
[Result "0-1"]
[Round "1"]
1.e4 c5
2.Ng1f3 Nb8c6
3.Bf1b5 d6
4.O-O Bc8d7
5.Rf1e1 Ng8f6
6.c3 a6
7.Bb5f1 Bd7g4
8.d4 cxd4
9.cxd4 d5
 { time }
0-1

[Event "Fast Game"]
[Site "www.echecsemail.com"]
[Date "2015.11.23"]
[Round "1"]
[White "Hennie4820"]
[Black "Nikas"]
[WhiteElo "1530"]
[BlackElo "1599"]
[Result "0-1"]
[Round "1"]
1.e4 e5
2.Ng1f3 Nb8c6
3.Bf1c4 Ng8f6
4.d4 Nc6xd4
5.Nf3xe5 Nd4e6
6.Nb1c3 c6
7.O-O Qd8c7
8.Ne5f3 Nf6g4
9.h3 Ng4e5
10.Nf3xe5 Qc7xe5
11.Bc1e3 Bf8c5
12.Qd1d2 Bc5xe3
13.Qd2xe3 O-O
14.f4 Qe5c5
15.Qe3xc5 Ne6xc5
16.Ra1d1 b5
17.Bc4e2 Rf8e8
18.Be2f3 b4
19.Nc3e2 Nc5xe4
20.Ne2d4 Bc8a6
21.Rf1e1 Ne4f6
22.Nd4f5 Re8xe1
23.Rd1xe1 Kf8
24.Nf5d6 Nf6e8
25.Nd6xe8 Ra8xe8
26.Re1xe8 Kxe8
27.Kf2 c5
28.Ke3 Ke7
29.Bf3d5 Ba6b5
30.g4 f6
31.Ke4 a5
32.h4 d6
33.g5 fxg5
34.hxg5 Bb5e2
35.Ke3 Be2f1
36.Kf2 Bf1h3
37.Ke3 Bh3e6
38.Ke4 g6
39.b3 Kd7
40.Bd5xe6 Kxe6
41.Ke3 Kf5
42.Kf3 d5
43.Kg3 c4
44.Kf3 cxb3
45.axb3 d4
46.Kg3 a4
47.bxa4 d3
48.cxd3 b3
{ resign }
0-1

[Event "Fast Game"]
[Site "www.echecsemail.com"]
[Date "2015.11.23"]
[Round "1"]
[White "Goosebumps"]
[Black "Maredocla"]
[WhiteElo "1829"]
[BlackElo "1819"]
[Result "0-1"]
[Round "1"]
1.e4 c5
2.Ng1f3 Nb8c6
3.d4 cxd4
4.Nf3xd4 d6
5.Nb1c3 g6
6.Bc1e3 Bf8g7
7.Nd4xc6 Bg7xc3
8.bxc3 bxc6
9.Bf1c4 Qd8a5
10.O-O Ng8f6
11.Be3d2 Nf6xe4
12.Qd1e1 d5
13.Bc4d3 Ne4xd2
14.Qe1xd2 d4
15.Rf1e1 dxc3
16.Qd2e3 e6
17.Qe3d4 O-O
18.Re1e3 Bc8a6
19.Bd3e4 Ba6b5
20.Re3xc3 Ra8d8
21.Qd4e3 Rd8d6
22.a4 Qa5xa4
23.Rc3a3 Qa4d4
24.Qe3f3 Qd4d2
25.Ra3xa7 Bb5e2
26.Qf3d3 Be2xd3
27.Be4xd3 c5
28.h3 Qd2c3
29.Ra7a4 Rd6d4
30.Ra4a3 Qc3d2
31.Ra3a2 Rd4d6
32.Kf1 Rf8c8
33.Bd3c4 Qd2c3
34.Bc4d3 c4
35.Ra2a3 Qc3d2
36.Bd3e2 Qd2xc2
37.Be2f3 Rd6d2
38.Ra3a2 Qc2xa2
39.Ra1xa2 Rd2xa2
{ resign }
0-1

[Event "Tourn. n8432"]
[Site "www.chess-mail.com"]
[Date "2015.11.24"]
[Round "1"]
[White "Azulmarino"]
[Black "Caspito"]
[WhiteElo "1740"]
[BlackElo "1820"]
[Result "0-1"]
[Round "1"]
1.e4 e5
2.Ng1f3 Nb8c6
3.Bf1c4 h6
4.Nb1c3 Bf8c5
5.d3 d6
6.h3 Qd8f6
7.Nc3d5 Qf6d8
8.a3 Ng8e7
9.Nd5c3 Bc8e6
10.Nc3b5 Qd8d7
11.Qd1e2 Be6xc4
12.dxc4 O-O-O
13.O-O f5
14.Bc1e3 f4
15.Be3xc5 dxc5
16.Ra1d1 Qd7e6
17.b3 g5
18.b4 cxb4
19.axb4 Nc6xb4
20.Nb5xa7 Kb8
21.Na7b5 Ne7c6
22.Nb5d4 Nc6xd4
23.Nf3xd4 exd4
24.Rd1a1 h5
25.f3 Qe6b6
26.Qe2f2 d3
27.c5 Qb6b5
28.c6 b6
29.Ra1b1 dxc2
30.Rb1a1 Qb5c5
31.Qf2xc5 bxc5
32.Ra1a3 Rd8d1
33.Ra3c3 Rh8d8
34.e5 Rd1xf1
35.Kxf1 Rd8d1
36.Ke2 c1Q
37.Rc3xc1 Rd1xc1
38.e6 Nb4d5
39.g4 h4
40.Kd3 Nd5e7
41.Ke4 Ne7xc6
42.Kd5 Kb7
43.Ke4 Rc1h1
{ resign }
0-1

[Event "Tourn. n8449"]
[Site "www.chess-mail.com"]
[Date "2015.11.24"]
[Round "1"]
[White "Scasan55"]
[Black "Norlavuaram"]
[WhiteElo "2120"]
[BlackElo "2190"]
[Result "0-1"]
[Round "1"]
1.e4 e5
2.Ng1f3 Nb8c6
3.Bf1c4 Bf8e7
4.Nb1c3 Ng8f6
5.O-O O-O
6.d3 d6
7.Bc1e3 h6
8.d4 Bc8g4
9.dxe5 Nc6xe5
10.Bc4e2 Ne5xf3
11.Be2xf3 Bg4xf3
12.Qd1xf3 a6
13.Ra1d1 Qd8c8
14.Rf1e1 Nf6g4
15.Nc3d5 Be7d8
16.h3 Ng4e5
17.Qf3g3 Kh7
18.f4 Ne5g6
19.f5 Ng6e5
20.Be3d4 Rf8e8
21.Rd1d3 c6
22.Bd4xe5 dxe5
23.Re1f1 cxd5
24.Rd3xd5 Qc8xc2
25.Rd5xe5 Bd8c7
26.f6 g6
27.Re5xe8 Ra8xe8
28.Qg3g4 Qc2c5
29.Kh1 Qc5e5
30.g3 Qe5xe4
31.Kh2 Qe4xg4
32.hxg4 Re8e2
33.Kh3 Bc7e5
34.Rf1d1 Be5xf6
35.Rd1d7 Kg7
36.Rd7xb7 Re2xb2
37.Rb7d7 Rb2xa2
38.g5 Bf6xg5
39.Kg4 a5
40.Kf3 Bg5f6
41.Ke3 a4
42.Kd3 Ra2a3
43.Kc4 Ra3xg3
44.Kb4 a3
45.Rd7d2 h5
{ resign }
0-1

[Event "Tourn. n8376"]
[Site "www.chess-mail.com"]
[Date "2015.11.24"]
[Round "1"]
[White "Ciappo"]
[Black "Numanoid"]
[WhiteElo "2510"]
[BlackElo "2500"]
[Result "1/2-1/2"]
[Round "1"]
1.c4 g6
2.g3 c5
3.Bf1g2 Bf8g7
4.Nb1c3 Nb8c6
5.d3 d6
6.e4 e6
7.Ng1e2 Ng8e7
8.O-O O-O
9.Bc1e3 Nc6d4
10.Qd1d2 Rf8e8
11.f4 Ne7c6
12.Ra1e1 Nd4xe2
13.Re1xe2 Nc6d4
14.Re2f2 f5
15.Nc3e2 Nd4xe2
16.Qd2xe2 Ra8b8
17.b3 b6
18.Rf1d1 Bc8b7
19.d4 Qd8e7
20.dxc5 dxc5
21.Qe2c2 Rb8d8
22.Rf2d2 Rd8xd2
23.Rd1xd2 { draw }
1/2-1/2

[Event "Tourn. n8361"]
[Site "www.chess-mail.com"]
[Date "2015.11.24"]
[Round "1"]
[White "Bojan"]
[Black "Ochoreales"]
[WhiteElo "1940"]
[BlackElo "2070"]
[Result "1-0"]
[Round "1"]
1.e4 c5
2.Ng1f3 d6
3.Bf1c4 Ng8f6
4.Nb1c3 e6
5.d4 cxd4
6.Nf3xd4 Bf8e7
7.Qd1f3 O-O
8.Qf3g3 Nf6h5
9.Qg3f3 g6
10.Bc1h6 Nh5g7
11.g4 Nb8c6
12.Nd4xc6 bxc6
13.Qf3g3 d5
14.Bc4d3 d4
15.Nc3e2 Be7b4
16.Kf1 f6
17.h4 Bb4d6
18.Qg3g2 c5
19.Kg1 f5
20.exf5 exf5
21.Qg2xa8 fxg4
22.Qa8d5 Bc8e6
23.Qd5g2 a5
24.Ne2g3 c4
25.Bd3e4 Qd8b6
26.b3 cxb3
27.axb3 Bd6e5
28.Ra1d1 Qb6c5
29.Kh2 d3
30.Bh6e3 Qc5xc2
31.Rd1xd3 Ng7f5
32.Rh1d1 Nf5xh4
33.Rd3d8 Qc2xb3
34.Qg2f1 Kg7
35.Rd8xf8 Kxf8
36.Rd1b1 Qb3c4
37.Qf1xc4 Be6xc4
38.Be4c6 Bc4d3
39.Be3c5 Kg7
40.Rb1b7 Kh6
41.Bc5f8 Kg5
42.Rb7b5 Kf4
43.Rb5xa5 Nh4f3
44.Bc6xf3 gxf3
45.Bf8h6 g5
46.Ra5a4 Bd3e4
47.Ra4xe4 { resign }
1-0

[Event "Tourn. n8475"]
[Site "www.chess-mail.com"]
[Date "2015.11.24"]
[Round "1"]
[White "Seger"]
[Black "Faerieking"]
[WhiteElo "2730"]
[BlackElo "2310"]
[Result "1-0"]
[Round "1"]
1.d4 d5
2.c4 e5
3.dxe5 d4
4.Ng1f3 Nb8c6
5.g3 Ng8e7
6.Bf1g2 Ne7g6
7.O-O Bf8e7
8.e3 d3
9.Nb1c3 Bc8g4
10.h3 Bg4e6
11.Nc3d5 Be6xd5
12.cxd5 Nc6xe5
13.Nf3d4 O-O
14.f4 Ne5d7
15.Qd1xd3 Ra8b8
16.Rf1d1 Be7c5
17.b3 Rf8e8
18.Bc1b2 Nd7f6
19.Nd4f5 Qd8d7
20.Kh2 Rb8d8
21.Ra1c1 Bc5b6
22.e4 { resign }
1-0

[Event "Tourn. n8454"]
[Site "www.chess-mail.com"]
[Date "2015.11.24"]
[Round "1"]
[White "Wwgia"]
[Black "Rons"]
[WhiteElo "2200"]
[BlackElo "2540"]
[Result "0-1"]
[Round "1"]
1.d4 Ng8f6
2.c4 e6
3.Ng1f3 b6
4.a3 Bc8b7
5.Nb1c3 d5
6.cxd5 Nf6xd5
7.e4 Nd5xc3
8.bxc3 Bb7xe4
9.Nf3e5 Be4b7
10.Qd1g4 Qd8d5
11.Bc1e3 Nb8d7
12.Bf1c4 Qd5xg2
13.Qg4xg2 Bb7xg2
14.Rh1g1 Nd7xe5
15.Rg1xg2 Ne5xc4
{ resign }
0-1

[Event "Tourn. n8481"]
[Site "www.chess-mail.com"]
[Date "2015.11.24"]
[Round "1"]
[White "Goosebumps"]
[Black "Luban"]
[WhiteElo "2130"]
[BlackElo "2010"]
[Result "1-0"]
[Round "1"]
1.d4 d5
2.c4 e6
3.Ng1f3 h6
4.Nb1c3 Ng8f6
5.cxd5 exd5
6.Bc1f4 c6
7.Qd1c2 Bc8e6
8.e4 dxe4
9.Nc3xe4 Bf8e7
10.Bf1e2 Be7b4
11.Ne4c3 Nf6d5
12.Bf4g3 Qd8a5
13.Kd2 O-O
14.a3 Nd5xc3
15.bxc3 Bb4xa3
16.Bg3d6 { resign }
1-0

[Event "Tourn. n8365"]
[Site "www.chess-mail.com"]
[Date "2015.11.24"]
[Round "1"]
[White "Julian"]
[Black "Jhw"]
[WhiteElo "1810"]
[BlackElo "1880"]
[Result "1-0"]
[Round "1"]
1.e4 h5
2.Ng1f3 e6
3.Bf1c4 g5
4.h3 Bf8g7
5.d4 b6
6.Bc1xg5 f6
7.Bg5h4 Bg7h6
8.Nb1c3 Bc8b7
9.d5 exd5
10.Nc3xd5 Bb7xd5
11.Bc4xd5 c6
12.Bd5b3 c5
13.c3 Nb8c6
14.O-O a5
15.Qd1d5 Qd8e7
16.e5 O-O-O
17.exf6 Ng8xf6
18.Bh4xf6 Qe7xf6
19.Ra1d1 Rh8g8
20.Qd5xh5 Rg8g7
21.Bb3d5 Rd8f8
22.Rf1e1 Nc6e7
23.Bd5e4 Rf8g8
24.Nf3e5 Rg7g5
25.Qh5f3 Qf6e6
26.Ne5g4 d5
27.Be4h7 Rg8f8
28.Re1xe6 Rf8xf3
29.gxf3 Ne7f5
30.Bh7xf5 Rg5xf5
31.Ng4xh6 Rf5xf3
32.Rd1xd5 Rf3xh3
33.Re6e7 Rh3xh6
34.Rd5g5 Kd8
35.Re7a7 Rh6e6
36.Rg5g8 Re6e8
37.Ra7a8 Kd7
38.Ra8xe8 Kc6
39.c4 b5
40.cxb5 Kxb5
41.Rg8g4 c4
42.Re8e5 Kb4
43.Kf1 a4
44.Rg4g3 { resign }
1-0

[Event "Tourn. n8439"]
[Site "www.chess-mail.com"]
[Date "2015.11.24"]
[Round "1"]
[White "Wwgia"]
[Black "Liencam2"]
[WhiteElo "2200"]
[BlackElo "2280"]
[Result "0-1"]
[Round "1"]
1.d4 Ng8f6
2.c4 g6
3.Nb1c3 Bf8g7
4.e4 d6
5.Ng1f3 O-O
6.Bf1e2 e5
7.O-O Nb8c6
8.d5 Nc6e7
9.Nf3e1 Nf6d7
10.f3 f5
11.Bc1e3 f4
12.Be3f2 g5
13.a4 a5
14.Nc3b5 h5
15.Nb5a7 Nd7f6
16.Na7xc8 Ra8xc8
17.c5 Qd8e8
18.cxd6 cxd6
19.Ne1d3 Qe8g6
20.Ra1c1 g4
21.Kh1 Nf6xe4
22.fxe4 Qg6xe4
23.Rc1xc8 Rf8xc8
24.Nd3c1 Rc8xc1
{ resign }
0-1

[Event "Tourn. n8483"]
[Site "www.chess-mail.com"]
[Date "2015.11.24"]
[Round "1"]
[White "Luban"]
[Black "Maredocla"]
[WhiteElo "2010"]
[BlackElo "2040"]
[Result "0-1"]
[Round "1"]
1.d4 d5
2.Ng1f3 Nb8c6
3.h3 g6
4.e3 Bf8g7
5.c4 b6
6.Nb1c3 Ng8f6
7.Bf1e2 Nc6a5
8.cxd5 Nf6xd5
9.Qd1c2 O-O
10.Nc3xd5 Qd8xd5
11.b3 Bc8f5
12.Be2d3 Bf5xd3
13.Qc2xd3 c5
14.Bc1b2 cxd4
15.Bb2xd4 e5
{ resign }
0-1

[Event "Tourn. n8492"]
[Site "www.chess-mail.com"]
[Date "2015.11.24"]
[Round "1"]
[White "Yangqi"]
[Black "Faerieking"]
[WhiteElo "2590"]
[BlackElo "2270"]
[Result "1-0"]
[Round "1"]
1.e4 d5
2.exd5 Ng8f6
3.Bf1b5 Nb8d7
4.Ng1f3 a6
5.Bb5e2 Nf6xd5
6.d4 e6
7.c4 Bf8b4
8.Bc1d2 Bb4xd2
9.Qd1xd2 Nd5f6
10.Nb1c3 O-O
11.O-O b6
12.Ra1d1 Bc8b7
13.Rf1e1 Nf6e4
14.Nc3xe4 Bb7xe4
15.Nf3g5 Be4b7
16.Be2g4 h6
17.Ng5xf7 Rf8xf7
18.Bg4xe6 Qd8f6
19.d5 Ra8f8
20.f3 Kh8
21.d6 c5
22.Be6xf7 Rf8xf7
23.Re1e8 Rf7f8
24.Rd1e1 Bb7c6
25.Re8xf8 Nd7xf8
26.Re1e7 Nf8e6
27.Qd2e3 { resign }
1-0

[Event "Match"]
[Site "www.echecsemail.com"]
[Date "2015.11.24"]
[Round "1"]
[White "Mdesouza"]
[Black "Ztornad"]
[WhiteElo "2190"]
[BlackElo "1730"]
[Result "1-0"]
[Round "1"]
1.e4 e5
2.Ng1f3 d6
3.d4 exd4
4.Nf3xd4 c5
5.Nd4f5 Bc8xf5
6.exf5 Qd8e7
7.Bf1e2 Ng8f6
8.Bc1g5 Qe7e5
9.Bg5xf6 Qe5xf6
10.Nb1c3 Nb8c6
11.Nc3d5 Qf6d8
12.O-O Nc6e7
13.Rf1e1 Ne7xf5
14.Be2b5 
1-0

[Event "Match"]
[Site "www.echecsemail.com"]
[Date "2015.11.24"]
[Round "1"]
[White "Jhw"]
[Black "Llord"]
[WhiteElo "1930"]
[BlackElo "1860"]
[Result "0-1"]
[Round "1"]
1.c4 e5
2.e3 Nb8c6
3.a3 Ng8f6
4.Nb1c3 Bf8d6
5.g3 b6
6.Bf1g2 Bc8b7
7.b4 Ra8b8
8.Nc3d5 Nf6xd5
9.Bg2xd5 Nc6e7
10.Bd5xb7 Rb8xb7
11.Qd1f3 c6
12.e4 c5
13.b5 Ne7c8
14.h4 Bd6c7
15.Ng1h3 h6
16.d3 Nc8d6
17.O-O O-O
18.Qf3g4 Qd8f6
19.Qg4xd7 Bc7d8
20.Qd7c6 Bd8e7
21.f4 Qf6e6
22.fxe5 Rf8c8
23.Nh3f4 Qe6g4
24.Qc6d5 Qg4xg3
25.Nf4g2 Rb7d7
26.e6 Rd7d8
27.Bc1f4 Qg3h3
28.exf7 Nd6xf7
29.Qd5h5 Rd8xd3
30.Ng2e1 Be7xh4
31.Ne1xd3 Bh4f2
32.Rf1xf2 Qh3xh5
33.Ra1f1 Qh5g4
34.Rf2g2 Qg4d7
35.Nd3e5 Qd7d4
36.Kh2 Nf7xe5
37.Bf4xh6 Qd4xe4
38.Bh6xg7 Kh7
39.Kh3 Qe4e3
40.Kh4 Ne5f3
41.Kh5 Qe3f4
42.Rf1xf3 Qf4xf3
43.Rg2g4 Rc8g8
44.Kh4 Rg8xg7
45.Rg4xg7 Kxg7
46.Kg5 Qf3f6
{ resign }
0-1

[Event "Match"]
[Site "www.echecsemail.com"]
[Date "2015.11.24"]
[Round "1"]
[White "Ericleo1980"]
[Black "Lino"]
[WhiteElo "2360"]
[BlackElo "1799"]
[Result "0-1"]
[Round "1"]
1.e4 c5
2.Ng1f3 Nb8c6
3.d4 cxd4
4.Nf3xd4 Ng8f6
5.Nb1c3 e5
6.Nd4b5 d6
7.Bc1g5 a6
8.Nb5a3 b5
9.Nc3d5 Bf8e7
10.Bg5xf6 Be7xf6
11.c3 Bf6g5
12.Na3c2 Nc6e7
13.a4 bxa4
14.Ra1xa4 Ne7xd5
15.Qd1xd5 Bc8e6
16.Qd5d1 Qd8b6
17.Nc2b4 a5
18.Nb4d5 Qb6xb2
19.Nd5c7 Ke7
20.Nc7xa8 { time. }
0-1

[Event "Match"]
[Site "www.echecsemail.com"]
[Date "2015.11.24"]
[Round "1"]
[White "Mitja"]
[Black "Xkafi"]
[WhiteElo "2000"]
[BlackElo "2030"]
[Result "0-1"]
[Round "1"]
1.d4 d5
2.e3 Ng8f6
3.h3 Bc8f5
4.c3 e6
5.Nb1d2 a6
6.Nd2b3 Nf6e4
7.Ng1f3 f6
8.Nb3d2 Nb8c6
9.Nd2xe4 Bf5xe4
10.Nf3d2 Be4g6
11.Bf1e2 h5
12.Nd2f3 f5
13.Nf3e5 Nc6xe5
14.dxe5 Qd8g5
15.Be2f3 Bf8c5
16.Qd1e2 O-O
17.O-O Bg6e8
18.Qe2d1 Qg5h4
19.Bf3e2 Ra8d8
20.Kh2 Be8c6
21.g3 Qh4e4
22.Rf1g1 Qe4xe5
23.Be2xh5 Bc6b5
24.Bh5g6 Bb5e8
25.Bg6xe8 Rd8xe8
26.Qd1c2 Kf7
27.Qc2d3 Rf8h8
28.Kg2 Rh8h5
29.Rg1h1 g5
30.b4 Bc5d6
31.Bc1b2 f4
32.exf4 gxf4
33.g4 Re8g8
34.f3 Qe5g5
35.Ra1e1 Qg5h4
36.Re1g1 Rh5e5
37.Bb2c1 Qh4g3
{ resign }
0-1

[Event "Match"]
[Site "www.echecsemail.com"]
[Date "2015.11.24"]
[Round "1"]
[White "Daquata"]
[Black "Ditto"]
[WhiteElo "1660"]
[BlackElo "1810"]
[Result "0-1"]
[Round "1"]
1.e4 e5
2.Ng1f3 Nb8c6
3.Bf1c4 Ng8f6
4.Nf3g5 d5
5.exd5 Nc6d4
6.d6 Qd8xd6
7.Bc4xf7 Kd8
8.Bf7b3 Qd6c6
9.O-O Bc8g4
10.f3 Bg4h5
11.d3 Bf8c5
12.Kh1 Bc5b6
13.Nb1c3 Bh5g6
14.Ng5e4 Kd7
15.Ne4xf6 Qc6xf6
16.Nc3d5 Qf6d6
17.Nd5xb6 Qd6xb6
18.Bc1e3 Ra8d8
19.c3 Kc8
20.cxd4 exd4
21.Be3g5 Rd8e8
22.Ra1c1 Rh8f8
23.a4 Qb6d6
24.Bg5h4 Re8e3
25.Bh4g3 Qd6d7
26.Rc1xc7 Qd7xc7
27.Bg3xc7 Kxc7
28.Qd1c2 Kb8
29.Qc2c5 Rf8e8
30.h3 Re3xd3
31.Rf1c1 Rd3xb3
 { time }
0-1

[Event "Match"]
[Site "www.echecsemail.com"]
[Date "2015.11.24"]
[Round "1"]
[White "Nimzo"]
[Black "Johndyson"]
[WhiteElo "2800"]
[BlackElo "2430"]
[Result "1/2-1/2"]
[Round "1"]
1.d4 d5
2.c4 c6
3.Ng1f3 Ng8f6
4.e3 Bc8f5
5.Nb1c3 a6
6.Nf3e5 Nb8d7
7.Qd1b3 Qd8c7
8.cxd5 Nd7xe5
9.dxe5 Nf6xd5
10.Bf1c4 e6
11.e4 Nd5xc3
12.exf5 Nc3d5
13.O-O O-O-O
14.Bc1g5 Bf8e7
15.Bg5xe7 Qc7xe7
16.fxe6 fxe6
17.Ra1d1 g5
18.Bc4xd5 Rd8xd5
19.Rd1xd5 exd5
20.Rf1e1 { draw }
1/2-1/2

[Event "Match"]
[Site "www.echecsemail.com"]
[Date "2015.11.24"]
[Round "1"]
[White "Jhw"]
[Black "Bojan"]
[WhiteElo "1950"]
[BlackElo "2040"]
[Result "0-1"]
[Round "1"]
1.c4 g6
2.d4 Bf8g7
3.Ng1f3 c6
4.Bc1d2 d6
5.h3 Qd8b6
6.e3 Qb6xb2
7.Bd2c3 Qb2b6
8.c5 Qb6c7
9.cxd6 exd6
10.Qd1b3 Bc8e6
11.Bf1c4 Be6xc4
12.Qb3xc4 Ng8e7
13.Nb1d2 Ne7d5
14.Bc3b2 Nb8d7
15.e4 Nd7b6
16.Qc4b3 Nd5f4
17.g3 Nf4e6
18.Ra1c1 Qc7e7
19.h4 Ne6c7
20.O-O d5
21.exd5 O-O
22.dxc6 bxc6
23.Rc1xc6 Ra8b8
24.Bb2a3 Qe7d7
25.Rf1c1 Nb6d5
26.Qb3d3 Rf8e8
27.Nd2e4 Nc7e6
28.Rc6d6 Qd7b5
29.Qd3d1 Qb5a5
30.Qd1d3 Nd5b4
31.Qd3c3 Bg7f8
32.Ne4f6 Kh8
33.Rd6d5 Qa5a4
34.Rd5d7 Nb4xa2
35.Rd7xf7 Bf8g7
36.Qc3e3 Bg7xf6
37.Rf7xf6 Ne6xd4
38.Qe3f4 Nd4e2
39.Kh2 Ne2xf4
40.Ba3d6 Na2xc1
41.Nf3g5 Nf4h5
42.Rf6f7 Qa4d4
43.Rf7xh7 Kg8
44.Bd6a3 Qd4xf2
{ resign }
0-1

[Event "Match"]
[Site "www.echecsemail.com"]
[Date "2015.11.24"]
[Round "1"]
[White "Redabond"]
[Black "Tomcapp"]
[WhiteElo "1660"]
[BlackElo "1620"]
[Result "0-1"]
[Round "1"]
1.e4 e5
2.Ng1f3 Nb8c6
3.Bf1c4 Ng8f6
4.Nb1c3 Bf8b4
5.Nc3d5 Nf6xd5
6.Bc4xd5 Nc6d4
7.Nf3xd4 exd4
8.O-O d6
9.d3 c6
10.Bd5b3 c5
11.c3 dxc3
12.bxc3 Bb4xc3
13.Qd1f3 Bc3f6
14.Rf1e1 b5
15.Bc1b2 c4
16.dxc4 Bf6xb2
17.cxb5 Bb2f6
18.e5 dxe5
19.Qf3xa8 O-O
20.Qa8xa7 e4
21.Re1xe4 Bf6xa1
22.Re4e7 Bc8e6
23.Bb3xe6 Qd8d1

0-1

[Event "Match"]
[Site "www.echecsemail.com"]
[Date "2015.11.24"]
[Round "1"]
[White "Libiesse"]
[Black "Jhw"]
[WhiteElo "2010"]
[BlackElo "2000"]
[Result "1-0"]
[Round "1"]
1.d4 e6
2.c4 c6
3.e4 b5
4.c5 d6
5.cxd6 Bf8xd6
6.Ng1f3 Ng8f6
7.Bc1g5 Qd8a5
8.Bg5d2 Bd6b4
9.Nb1c3 O-O
10.Bf1d3 Bb4xc3
11.Bd2xc3 b4
12.Bc3d2 Qa5b6
13.Qd1b3 a5
14.O-O Nb8a6
15.Ra1c1 Bc8d7
16.Bd2e3 Nf6g4
17.Be3d2 a4
18.Qb3c2 b3
19.axb3 axb3
20.Qc2d1 h5
21.h3 Ng4f6
22.Rf1e1 Rf8c8
23.Bd2e3 Qb6b4
24.Nf3e5 Bd7e8
25.Rc1c3 c5
26.Rc3xb3 Qb4a4
27.Ne5c4 cxd4
28.Be3xd4 Rc8xc4
29.Bd4xf6 Qa4xb3
30.Qd1xb3 Rc4b4
31.Qb3c3 Be8b5
32.Bd3xb5 Rb4xb5
33.Bf6xg7 Rb5c5
34.Qc3f6 Rc5c7
35.Bg7h8 Kf8
36.Re1d1 Rc7c8
37.Rd1d7 Rc8c1
38.Kh2 { resign }
1-0

[Event "Eq:Clubul Central de Sah-Slap Shot Mates : "]
[Site "www.chess-mail.com"]
[Date "2015.11.24"]
[Round "1"]
[White "Echo314"]
[Black "Calulalb"]
[WhiteElo "2760"]
[BlackElo "2730"]
[Result "1-0"]
[Round "1"]
1.e4 e5
2.Ng1f3 Nb8c6
3.Bf1b5 Ng8f6
4.d3 Bf8c5
5.c3 O-O
6.O-O d6
7.a4 a6
8.Bb5c4 Bc5a7
9.Nb1d2 Nc6e7
10.Rf1e1 Ne7g6
11.Nd2f1 c6
12.a5 Nf6g4
13.Re1e2 h6
14.Bc4b3 Rf8e8
15.h3 Ng4f6
16.Re2e1 d5
17.Bc1e3 Ba7b8
18.Bb3c2  { time }
1-0

[Event "Eq:Los Tercios-Clubul Central de Sah : "]
[Site "www.chess-mail.com"]
[Date "2015.11.24"]
[Round "1"]
[White "Churrasca"]
[Black "Rocadamare"]
[WhiteElo "2170"]
[BlackElo "2650"]
[Result "1-0"]
[Round "1"]
1.e4 c5
2.Ng1f3 d6
3.d4 cxd4
4.Nf3xd4 Ng8f6
5.Nb1c3 a6
6.Bf1e2 e5
7.Nd4b3 Bf8e7
8.O-O O-O
9.Qd1d3 Bc8e6
10.Nc3d5 Nf6xd5
11.exd5 Be6c8
12.Bc1e3 Nb8d7
13.c4 a5
14.f4  { time }
1-0